=LDR 00000nam 2200000 4500 =001 NUTBA000000000000991 =005 20140408102032.0 =006 =007 =008 =035 ##$$a 0010-041400000000261 =082 ##$$a 745.5 =090 ##$$a 745.5$bWij d =100 ##$$a Wijaya, Henny =245 ##$$a 28 kreasi aksesori corn craft$cHenny Widjaja =260 ##$$a Jakarta $b Gramedia pustaka utama $c 2009 =300 ##$$a 74 hlm.$bilus.$c25 cm. =650 ##$$a Kreasi$xCorn =850 ##$$a NBPNMAT =990 ##$$a 21103861 =990 ##$$a 93116/BPAP-NTB/2014